Die größten Städte in Kanada - Statistiken

Allgemein
  • Dieses Quiz wurde 119 mal gespielt
  • Das Durchschnittsergebnis liegt bei 10 aus 30
Antwortstatistiken
# Verwaltungseinheit Einwohner Stadt % Korrekt
1 Ontario 2.731.571 Toronto
97%
2 Québec 1.704.694 Montreal
92%
4 Ontario 934.243 Ottawa
92%
8 British Columbia 631.486 Vancouver
92%
3 Alberta 1.239.220 Calgary
79%
5 Alberta 932.546 Edmonton
77%
11 Québec 531.902 Quebec
70%
7 Manitoba 705.244 Winnipeg
61%
14 Nova Scotia 403.131 Halifax
46%
24 Saskatchewan 215.106 Regina
39%
15 Ontario 383.822 London
37%
10 Ontario 536.917 Hamilton
34%
19 Saskatchewan 246.376 Saskatoon
32%
6 Ontario 721.599 Mississauga
23%
12 British Columbia 517.887 Surrey
17%
9 Ontario 593.638 Brampton
16%
13 Québec 422.993 Laval
14%
25 British Columbia 198.309 Richmond
14%
21 Ontario 233.222 Kitchener
12%
17 Ontario 306.233 Vaughan
12%
23 Ontario 217.188 Windsor
12%
16 Ontario 328.966 Markham
11%
28 Ontario 183.314 Burlington
9%
22 British Columbia 232.755 Burnaby
9%
18 Québec 276.245 Gatineau
8%
20 Québec 239.700 Longueuil
8%
27 Ontario 193.832 Oakville
8%
26 Ontario 195.022 Richmond Hill
8%
30 Québec 161.323 Sherbrooke
8%
29 Ontario 161.531 Greater Sudbury
1%
Keine übereinstimmenden Quizze gefunden
Verteilung der Resultate
Anzahl Personen mit jedem Resultat
Perzentil nach korrekt beantworteten Fragen
Ihre Resultats-Entwicklung
Sie haben dieses Quiz noch nicht gespielt